00391nam a2200121Ia 4500008004100000245009400041260001900135260000900154300000600163650002600169650001200195856006200207170516s9999 xx 000 0 und d aRetrievable Inferior Vena Cava Filters for Venous Thromboembolism, Han Ni and Lei Lei Win bISRN Radiology c2014 a: xRadiologic Technology xRadtech uhttps://www.hindawi.com/journals/isrn/contents/radiology/